| 000 | 01746nam a2200349 a 4500 | ||
|---|---|---|---|
| 003 | CO-PeBPR | ||
| 005 | 20260428154751.0 | ||
| 008 | 260415e2024 ck a|||| n||| 00| 0 spa c | ||
| 020 | _a9786289568967 | ||
| 040 | 0 |
_aCO-PeBPR _bspa _cCO-PeBPR _erda |
|
| 041 | 0 | _hspa | |
| 082 | 0 | 4 | _a(i) 508 L864s |
| 100 | 1 |
_aLópez Ávila, Pilar _d1969 _eautora |
|
| 245 | 1 | 0 |
_aSi yo fuera _c/ Pilar López Ávila ; ilustraciones de Gina Rosas Moncada |
| 250 | _aEdición especial | ||
| 264 | 1 |
_aBogotá, Colombia _b: AS ediciones _c, 2024 |
|
| 300 |
_a[30] páginas sin numerar _b: Ilustraciones a color _c; 26 centímetros |
||
| 336 |
_atexto _btxt _crdacontenido |
||
| 337 |
_asin mediación _bn _2rdamedio |
||
| 338 |
_avolumen _bnc _2rdasoporte |
||
| 504 | _aIncluye bibliografía. | ||
| 520 | _aEste álbum, de estructura circular e iterativa, nos plantea un bello recorrido por el ciclo natural, el que equilibra de forma armónica un planeta actualmente amenazado por el hombre. En el se pone en valor la diversidad de nuestro planeta y la conexión del ser humano con la Naturaleza, como un elemento más de una rica cadena de la que somos parte esencial. Este itinerario culmina con una llamada a la acción por parte de la protagonista, la niña que se reconoce como parte del frágil equilibrio de la naturaleza. | ||
| 521 | _aRecomendado para un público infantil mayor de 3 años. | ||
| 650 | 1 | 4 |
_2LEMB _aÁlbumes infantiles españoles _ySiglo XX |
| 650 | 1 | 4 |
_2LEMB _aAceptación social |
| 650 | 1 | 4 |
_2LEMB _aEcosistemas _xConservación |
| 650 | 1 | 4 |
_2LEMB _aLibros ilustrados para niños |
| 650 | 1 | 4 |
_2LEMB _aLiteratura infantil española |
| 650 | 1 | 4 |
_2LEMB _aRelación hombre |
| 700 | 1 |
_aRosas Moncada, Gina _eilustradora |
|
| 942 |
_2ddc _cBKINF |
||
| 999 |
_c17809 _d17809 |
||